| 000 | 00328nam a22001337a 4500 | ||
|---|---|---|---|
| 008 | 140602b xxu||||| |||| 00| 0 eng d | ||
| 020 |
_a9788131724347 _cAvailable |
||
| 082 | _a005.13 | ||
| 100 | _aAL KELLEY IRA POHL | ||
| 245 |
_aA BOOK ON C _cKelly Ira Pohl |
||
| 250 | _a4TH ED. | ||
| 260 |
_aINDIA _bPEARSON _c1998 |
||
| 942 | _cBK | ||
| 999 |
_c23191 _d23191 |
||